Name the Overwatch Heroes - Statistics

General Stats
  • This quiz has been taken 96 times
    71 since last reset
  • The average score is 26 of 31
Answer Stats
Answer % Correct
Ana
96%
Mercy
94%
Genji
93%
Hanzo
91%
Reinhardt
91%
Winston
91%
Lucio
89%
Moira
89%
Ashe
87%
Tracer
87%
Zenyatta
87%
Bastion
85%
Brigitte
85%
McCree
85%
Reaper
85%
Baptiste
83%
D.Va
83%
Sigma
83%
Widowmaker
83%
Zarya
83%
Torbjörn
81%
Roadhog
80%
Junkrat
78%
Mei
78%
Orisa
78%
Soldier: 76
78%
Sombra
78%
Pharah
76%
Symmetra
76%
Wrecking Ball
76%
Doomfist
74%
No matching quizzes found
Score Distribution
Percent of People with Each Score
Percentile by Number Answered
Your Score History
You have not taken this quiz since the last reset